Take the IQ test (Record no. 62258)
[ view plain ]
| 000 -LEADER | |
|---|---|
| fixed length control field | 00483nam a22001697a 4500 |
| 003 - CONTROL NUMBER IDENTIFIER | |
| control field | NUST-PNEC |
| 005 - DATE AND TIME OF LATEST TRANSACTION | |
| control field | 20170116180743.0 |
| 008 - FIXED-LENGTH DATA ELEMENTS--GENERAL INFORMATION | |
| fixed length control field | 150106b xxu||||| |||| 00| 0 eng d |
| 040 ## - CATALOGING SOURCE | |
| Transcribing agency | PNEC |
| 082 ## - DEWEY DECIMAL CLASSIFICATION NUMBER | |
| Classification number | 153.94 CAR |
| 100 ## - MAIN ENTRY--PERSONAL NAME | |
| 9 (RLIN) | 1179 |
| Personal name | Carter, Philip J. |
| 245 ## - TITLE STATEMENT | |
| Title | Take the IQ test |
| Statement of responsibility, etc. | Philip J. Carter |
| 260 ## - PUBLICATION, DISTRIBUTION, ETC. | |
| Place of publication, distribution, etc. | New Delhi : |
| Name of publisher, distributor, etc. | Competition Review Pvt. Ltd., |
| Date of publication, distribution, etc. | c1997. |
| 300 ## - PHYSICAL DESCRIPTION | |
| Extent | 128 p. : |
| Other physical details | ill.; |
| Dimensions | 22 cm. |
| 650 ## - SUBJECT ADDED ENTRY--TOPICAL TERM | |
| General subdivision | General Reading |
| 9 (RLIN) | 16681 |
| Topical term or geographic name entry element | Aptitude Tests |
| 942 ## - ADDED ENTRY ELEMENTS (KOHA) | |
| Source of classification or shelving scheme | |
| Koha item type | Book |
| Withdrawn status | Lost status | Source of classification or shelving scheme | Damaged status | Not for loan | Permanent Location | Current Location | Shelving location | Date acquired | Source of acquisition | Cost, normal purchase price | Total Checkouts | Full call number | Barcode | Date last seen | Date last checked out | Cost, replacement price | Price effective from | Koha item type |
|---|---|---|---|---|---|---|---|---|---|---|---|---|---|---|---|---|---|---|
| Pakistan Navy Engineering College (PNEC) | Pakistan Navy Engineering College (PNEC) | 06/02/1998 | Library / Reference Grant | 121.00 | 1 | 153.94 CAR | PNECLIB-020107 | 02/16/2016 | 01/15/2016 | 121.00 | 06/02/1998 | Book |
